Welcome to CU Library Online Public Access Catalogue (OPAC)

Financial institutions, investments, and management : (Record no. 9009)

MARC details
000 -LEADER
fixed length control field 00966cam a2200253 a 4500
001 - CONTROL NUMBER
control field 11884452
005 - DATE AND TIME OF LATEST TRANSACTION
control field 20260313105746.0
008 - FIXED-LENGTH DATA ELEMENTS--GENERAL INFORMATION
fixed length control field 000107s2001 txua 001 0 eng
020 ## - INTERNATIONAL STANDARD BOOK NUMBER
International Standard Book Number 0030312981
020 ## - INTERNATIONAL STANDARD BOOK NUMBER
International Standard Book Number 9780030312984
050 00 - LIBRARY OF CONGRESS CALL NUMBER
Classification number HG4521
Item number .M37 2001
082 00 - DEWEY DECIMAL CLASSIFICATION NUMBER
Classification number 332.67/8
Edition information 21
100 1# - MAIN ENTRY--PERSONAL NAME
Personal name Mayo, Herbert B.
245 10 - TITLE STATEMENT
Title Financial institutions, investments, and management :
Remainder of title an introduction /
Statement of responsibility, etc. Herbert B. Mayo.
250 ## - EDITION STATEMENT
Edition statement 7th ed.
260 ## - PUBLICATION, DISTRIBUTION, ETC.
Place of publication, distribution, etc. Fort Worth :
Name of publisher, distributor, etc. Harcourt College Publishers,
Date of publication, distribution, etc. c2001.
300 ## - PHYSICAL DESCRIPTION
Extent xxii, 706 p. :
Other physical details ill. ;
Dimensions 24 cm.
650 #0 - SUBJECT ADDED ENTRY--TOPICAL TERM
Topical term or geographic name entry element Investments.
650 #0 - SUBJECT ADDED ENTRY--TOPICAL TERM
Topical term or geographic name entry element Investment analysis.
856 42 - ELECTRONIC LOCATION AND ACCESS
Materials specified Contributor biographical information
Uniform Resource Identifier <a href="http://www.loc.gov/catdir/enhancements/fy1514/00100123-b.html">http://www.loc.gov/catdir/enhancements/fy1514/00100123-b.html</a>
856 42 - ELECTRONIC LOCATION AND ACCESS
Materials specified Publisher description
Uniform Resource Identifier <a href="http://www.loc.gov/catdir/enhancements/fy1514/00100123-d.html">http://www.loc.gov/catdir/enhancements/fy1514/00100123-d.html</a>
856 41 - ELECTRONIC LOCATION AND ACCESS
Materials specified Table of contents only
Uniform Resource Identifier <a href="http://www.loc.gov/catdir/enhancements/fy1514/00100123-t.html">http://www.loc.gov/catdir/enhancements/fy1514/00100123-t.html</a>
942 ## - ADDED ENTRY ELEMENTS (KOHA)
Source of classification or shelving scheme Library of Congress Classification
Koha item type Books
Suppress in OPAC No
999 ## -
-- 9009
-- 9009
Holdings
Withdrawn status Lost status Source of classification or shelving scheme Damaged status Not for loan Collection Home library Current library Shelving location Date acquired Total checkouts Full call number Barcode Date last seen Copy number Price effective from Koha item type
    Library of Congress Classification     Non-fiction Graduate Library (Christ Temple) Graduate Library (Christ Temple) General stacks 03/13/2026   HG 4521 MAY GSCT00003217 03/13/2026 1 03/13/2026 Books
    Library of Congress Classification     Non-fiction Graduate Library (Christ Temple) Graduate Library (Christ Temple) General stacks 03/13/2026   HG 4521 MAY GSCT00003224 03/13/2026 1 03/13/2026 Books
© 2023-2024 Copyright: Central University Libraries. All Rights Reserved | Created by: Mahone Tech Office